Taking the jungle out of rubber : improving rubber in Indonesian agroforestry system (Record no. 70202)

MARC details
000 -LEADER
fixed length control field 01649nam a2200193Ia 4500
100 ## - MAIN ENTRY--AUTHOR NAME
Personal name Penot E
245 #0 - TITLE STATEMENT
Title Taking the jungle out of rubber : improving rubber in Indonesian agroforestry system
260 ## - PUBLICATION, DISTRIBUTION, ETC. (IMPRINT)
Name of publisher Agroforestry Today
Year of publication 1995
300 ## - PHYSICAL DESCRIPTION
Number of Pages 13-Nov
500 ## - GENERAL NOTE
General note Source Year: 1996
520 ## - SUMMARY, ETC.
Summary, etc Jungle rubber agroforestry is a low-input system in which rubber (Hevea brasiliensis) competes with natural forest regrowth. An area of forest is cleared by slashing and burning, and rice planted for the first year or two. After that rubber (unimproved jungle rubber) is planted with a variety of other useful (multipurpose) trees and rattans. The diverse forest-like environment means that the system is suitable. Further management options are conversion to a pure rubber plantations, or management as a fruit and timber agroforest. On-farm participatory experimentation with 3 kinds of rubber agroforestry system is being tested: (1) the traditional system but with improved adapted rubber clones; (2) a complex system in which rubber and timber/fruit trees are established after slashing and burning at respective densities of 550 and 250 trees/ha- a very intensive system, with annual crops being intercropped for the first 3-4 yr; and (3) as (2) but established on degraded Imperata cylindrica (alang-alang) land, and with cover crops or multipurpose trees instead of annual crops because of the competition from the alang-alang grass.
650 ## - SUBJECT ADDED ENTRY--TOPICAL TERM
Topical Term Agroforestry
650 ## - SUBJECT ADDED ENTRY--TOPICAL TERM
Topical Term Hevea brasiliensis
650 ## - SUBJECT ADDED ENTRY--TOPICAL TERM
Topical Term Indonesia
650 ## - SUBJECT ADDED ENTRY--TOPICAL TERM
Topical Term Jungle rubber
856 ## - ELECTRONIC LOCATION AND ACCESS
Uniform Resource Identifier HOA
942 ## - ADDED ENTRY ELEMENTS (KOHA)
Koha item type Journals
Holdings
Withdrawn status Lost status Damaged status Not for loan Home library Current library Shelving location Date acquired Serial Enumeration / chronology Koha item type
      Journals RRII Library RRII Library Soils and agonomy 17/12/2021 Volume 7, Issue 04-Mar Journals